000 00978nam a22002177a 4500
999 _c58877
_d58877
003 Ge_BSU
005 20221012122124.0
008 221012s2019 ge ||||| |||| 00| 0 geo d
020 _a9789941460524
041 _ageo
080 _a159.947 ბ-25
100 _aბარამიძე,ნოდარ
_914492
245 _aნებისყოფის ფსიქოლოგიის საკითხები /
_cნოდარ ბარამიძე ; რედაქტორი გურამ ჩაგანავა.
264 _aბათუმი :
_bგამომცემლობა აჭარა,
_c2019.
300 _a144 გვ. ;
_b 20 სმ.
504 _aბიბლიოგრაფია სტატიების ბოლოს.
653 _aნებისყოფა
653 _aფსიქოლოგია
700 _aჩაგანავა, გურამ
_eრედაქტორი
_915292
942 _2udc
_cBK